| 000 | 00886nas a2200265 4500 | ||
|---|---|---|---|
| 001 | BR9902806 | ||
| 003 | BR-BrBNA | ||
| 005 | 20231205101429.0 | ||
| 007 | ta | ||
| 008 | 230509b bl.|||p| |||| 00| 00por d | ||
| 040 |
_aBR-BrBNA _bpor _cBiblioteca Nacional de Agricultura |
||
| 041 | _a(Pt) | ||
| 072 | _aH10 | ||
| 100 | 1 | _aGrandeza, L.A.O. | |
| 100 | 1 | _aMoraes, J.C. | |
| 100 | 1 | _aZanetti, R. | |
| 245 | 1 | _aEstimativa do crescimento externo de ninhos de Atta sexdens Rubropilosa forel e Atta laevigata (F. Smith)(Hymenoptera: Formicidae)em areas de reflorestamento com eucalipto | |
| 650 | _aEucalipto | ||
| 650 | _aFormiga | ||
| 650 | _aSauva | ||
| 650 | _aModelo Matematico | ||
| 773 | 0 |
_tAnais da Sociedade Entomologica do Brasil (Brazil) _xISSN 0301-8059 _g(Mar 1999), v. 28(1) p. 59-64 _wBR9902806 |
|
| 909 |
_a202311 _bLúcia _c55 _dLúcia Elande |
||
| 942 |
_2AGRIS _n0 _cANA |
||
| 999 |
_c161801 _d161801 |
||